Socio-Economic Profile (Record no. 6719)

MARC details
000 -LEADER
fixed length control field 00459nam a22001217a 4500
008 - FIXED-LENGTH DATA ELEMENTS--GENERAL INFORMATION
fixed length control field 200324b ||||| |||| 00| 0 eng d
100 ## - MAIN ENTRY--PERSONAL NAME
Personal name The United Republic of Tanzania
245 ## - TITLE STATEMENT
Title Socio-Economic Profile
Remainder of title Mwanza Region
Statement of responsibility, etc. The United Republic of Tanzania
Medium English
260 ## - PUBLICATION, DISTRIBUTION, ETC. (IMPRINT)
Place of publication, distribution, etc. Mwanza -Tanzania
Name of publisher, distributor, etc. Minister of State President's Office, Planning and Privatization
300 ## - PHYSICAL DESCRIPTION
Extent viii, 270p
Other physical details ill
Dimensions 20cm
650 ## - SUBJECT ADDED ENTRY--TOPICAL TERM
Source of heading or term Socio- Economic Profile
942 ## - ADDED ENTRY ELEMENTS (KOHA)
Source of classification or shelving scheme Dewey Decimal Classification
Koha item type BOOKS
Holdings
Withdrawn status Lost status Source of classification or shelving scheme Damaged status Not for loan Home library Current library Date acquired Total Checkouts Barcode Date last seen Price effective from Koha item type
    Dewey Decimal Classification     Mwanza Mwanza 24/03/2020   10000002089 24/03/2020 24/03/2020 BOOKS
    Dewey Decimal Classification     Mwanza Mwanza 24/03/2020   10000002094 24/03/2020 24/03/2020 BOOKS
    Dewey Decimal Classification     Mwanza Mwanza 24/03/2020   10000002096 24/03/2020 24/03/2020 BOOKS

IRDP © 2021 :: Managed by ICT Team